000 00623cam a2200217 4500
008 090401t1987 xxu||||| |||| 00| 0 eng d
020 _a0854063587
035 _a(Sirsi) u45340
041 _aeng
050 _a711.076
090 _aRICS 1987/73ABC
110 _aRoyal Institution of Chartered Surveyors
_94900
245 _aProfessional examinations rules and syllabus : planning and development (1987)
260 _aLondon
_bSurveyors Publications
_c1987
300 _a16p. ; 21cm.
350 _a2
520 _aEducation and Membership Department.
650 _aSYLLABUS
942 _n0
948 _c04/03/1997
999 _c91692
_d91692